00562nam a22001457a 450000500170000000800410001702000180005805000150007610000030009124500580009426000350015230000220018750000300020950501770023920240716100712.0240716b ||||| |||| 00| 0 eng d a9780878225224 aHQ789.M373  aSkillstreaming in elementary schoolcMcGinnis, Ellen  aillinoisbResearch pressc2005 aix, 299, :c29 cm aIncludes Bibliography, cd aContents: Classroom survival skills -- Friendship making feelings -- Skills for dealing with feelings -- Skills alternative to aggression -- Skill for dealing with stress